[Event "Reykjavik Open"]
[Site "Reykjavik ISL"]
[Date "2012.03.11"]
[Round "6.65"]
[White "Johannsdottir, Johanna Bjorg"]
[Black "Haga, Halvor"]
[Result "0-1"]
[WhiteElo "1864"]
[BlackElo "2032"]
[WhiteFideId "2303108"]
[BlackFideId "1507532"]
[EventDate "2012.03.06"]

1. e4 Nf6 2. e5 Nd5 3. d4 d6 4. Nf3 dxe5 5. Nxe5 c6 6. c3 Nd7 7. Bd3 g6 8. O-O
Bg7 9. Nf3 O-O 10. Nbd2 e5 11. dxe5 Nxe5 12. Nxe5 Bxe5 13. Ne4 Bf5 14. Bh6 Qh4
15. f4 Qxh6 16. fxe5 Qe3+ 17. Nf2 Qxe5 18. Re1 Qf4 19. Bxf5 Qxf5 20. Ng4 Qf4 21.
Rf1 Qg5 22. Qd4 h5 23. Ne5 Qe3+ 24. Qxe3 Nxe3 25. Rf3 Nf5 26. Rd1 Rfe8 27. Nd7
Kg7 28. Rfd3 Re2 29. R1d2 Rae8 30. Nc5 b6 31. Nb3 c5 32. Nc1 Re1+ 33. Kf2 Rxc1
34. Rd7 Ne3 35. Rxa7 Rf1+ 36. Ke2 Rf5 37. Rdd7 Nxg2+ 38. Kd3 Rf4 39. Kc2 c4 40.
Re7 Rf2+ 41. Kc1 Rxe7 42. Rxe7 Nf4 43. Rc7 Nd3+ 44. Kb1 Rxb2+ 45. Ka1 Rxh2 46.
a4 Nc5 0-1

[Event "Reykjavik Open"]
[Site "Reykjavik ISL"]
[Date "2012.03.11"]
[Round "6.66"]
[White "Miettinen, Teemu"]
[Black "De Winter, Eric"]
[Result "1/2-1/2"]
[WhiteElo "2012"]
[BlackElo "1852"]
[WhiteFideId "501050"]
[BlackFideId "1033069"]
[EventDate "2012.03.06"]

1. e4 c5 2. Nf3 Nc6 3. d4 cxd4 4. Nxd4 Nf6 5. Nc3 e5 6. Ndb5 d6 7. Bg5 a6 8. Na3
b5 9. Nd5 h6 10. Bxf6 gxf6 11. c3 Bg7 12. Qf3 Be6 13. Nc2 Bxd5 14. exd5 Ne7 15.
Bd3 Qb6 16. Ne3 h5 17. O-O Rc8 18. Kh1 Rc5 19. Rad1 Qb7 20. Be2 Qc8 21. Bd3 Qb7
22. Be4 Qc8 23. h3 h4 24. Ra1 a5 25. a4 bxa4 26. Rxa4 Kf8 27. b4 axb4 28. cxb4
Rb5 29. Rfa1 Rb8 30. Ra7 Rb7 31. Rxb7 Qxb7 32. Qd1 Bh6 33. Nc2 f5 34. Bd3 Qxd5
35. Ra5 Qb7 36. Ba6 Qb6 37. Qe2 Kg7 38. Bc4 Rc8 39. Bb3 Ng6 40. Ra6 Qc7 41. Qd3
Qc3 42. Rxd6 e4 43. Qxc3+ Rxc3 44. Ba4 Bf4 45. Rd1 Ne5 1/2-1/2

[Event "Reykjavik Open"]
[Site "Reykjavik ISL"]
[Date "2012.03.11"]
[Round "6.67"]
[White "Hansen, Erle Andrea Marki"]
[Black "Shepherd, Michael"]
[Result "1-0"]
[WhiteElo "1793"]
[BlackElo "2011"]
[WhiteFideId "1508229"]
[BlackFideId "2401444"]
[EventDate "2012.03.06"]

1. d4 e6 2. Nf3 f5 3. g3 Nf6 4. Bg2 d5 5. O-O Bd6 6. c4 c6 7. Nbd2 O-O 8. b3 Bd7
9. Bb2 Be8 10. Ne5 Nbd7 11. Ndf3 Qe7 12. Qc2 Bh5 13. Rfe1 Ne4 14. h3 Rac8 15. a3
g5 16. Bc1 Nxe5 17. Nxe5 c5 18. Bb2 cxd4 19. Bxd4 Qc7 20. Qb2 Bc5 21. Bxc5 Qxc5
22. e3 Rfd8 23. g4 Bg6 24. Nxg6 hxg6 25. Bxe4 dxe4 26. Qf6 fxg4 27. Qxg6+ Kh8
28. hxg4 Rd2 29. Kg2 Rxf2+ 30. Kxf2 Qf8+ 31. Kg1 Qf3 32. Qh6+ Kg8 33. Qxe6+ Kg7
34. Qe5+ 1-0

[Event "Reykjavik Open"]
[Site "Reykjavik ISL"]
[Date "2012.03.11"]
[Round "6.68"]
[White "Murray, Mike"]
[Black "Antonsson, Atli"]
[Result "1-0"]
[WhiteElo "2007"]
[BlackElo "1849"]
[WhiteFideId "2609126"]
[BlackFideId "2307987"]
[EventDate "2012.03.06"]

1. e4 e6 2. Nc3 d5 3. Nf3 Nf6 4. e5 Nfd7 5. d4 c5 6. dxc5 Bxc5 7. Bd3 Nc6 8. Bf4
Qb6 9. O-O Qxb2 10. Nb5 Bb6 11. Rb1 Qxa2 12. Ra1 Qb2 13. Bd2 d4 14. Qe2 Ndxe5
15. Rfb1 Nxd3 16. Qxd3 Qxa1 17. Rxa1 O-O 18. Ng5 g6 19. Qh3 h5 20. Re1 f6 1-0

[Event "Reykjavik Open"]
[Site "Reykjavik ISL"]
[Date "2012.03.11"]
[Round "6.69"]
[White "Sigurdarson, Emil"]
[Black "Rodriguez Fonseca, Jorge"]
[Result "1/2-1/2"]
[WhiteElo "1769"]
[BlackElo "2003"]
[WhiteFideId "2304163"]
[BlackFideId "2224658"]
[EventDate "2012.03.06"]

1. e4 d5 2. exd5 Qxd5 3. Nc3 Qa5 4. d4 Bf5 5. Nf3 Nf6 6. Bc4 e6 7. Bd2 c6 8. O-O
Bg4 9. a3 Bxf3 10. Qxf3 Qc7 1/2-1/2

[Event "Reykjavik Open"]
[Site "Reykjavik ISL"]
[Date "2012.03.11"]
[Round "6.70"]
[White "Bjornsson, Eirikur K."]
[Black "Forsa, Elise"]
[Result "1-0"]
[WhiteElo "2000"]
[BlackElo "1789"]
[WhiteFideId "2301563"]
[BlackFideId "1500163"]
[EventDate "2012.03.06"]

1. d4 d5 2. c4 e6 3. Nc3 c6 4. e4 Bb4 5. Bd2 dxe4 6. Nxe4 Qxd4 7. Bxb4 Qxe4+ 8.
Ne2 c5 9. Bc3 Nf6 10. Qd6 Qc6 11. Qg3 Nbd7 12. O-O-O Ke7 13. Qxg7 Rg8 14. Rxd7+
Kxd7 15. Qxf7+ Kd6 16. Bxf6 Qe8 17. Be5+ 1-0

[Event "Reykjavik Open"]
[Site "Reykjavik ISL"]
[Date "2012.03.11"]
[Round "6.72"]
[White "Ontiveros, John"]
[Black "Calder, Dennis"]
[Result "1/2-1/2"]
[WhiteElo "1763"]
[BlackElo "1948"]
[WhiteFideId "2303981"]
[BlackFideId "4697359"]
[EventDate "2012.03.06"]

1. d4 d5 2. c4 e6 3. Nf3 c6 4. e3 Nf6 5. Bd3 dxc4 6. Bxc4 Nbd7 7. Nc3 b5 8. Bd3
a6 9. O-O Bb7 10. Bd2 c5 11. dxc5 Nxc5 12. Be2 Bd6 13. b4 Nce4 14. Nxe4 Nxe4 15.
Rc1 O-O 16. Nd4 Rc8 17. Bf3 Qh4 18. h3 Qe7 19. Bxe4 Bxe4 20. Qg4 f5 21. Qh5 e5
22. Rxc8 Rxc8 23. Nxf5 Qe6 24. Nxd6 Qxd6 25. Rc1 Rxc1+ 26. Bxc1 g6 27. Qg4 Bf5
28. Qe2 Qxb4 29. Bb2 e4 30. Qc2 Be6 31. a3 Qc4 32. Qd2 Qd3 33. Qb4 Kf7 34. Bd4
Bc4 35. Kh2 Qe2 36. Kg3 Qh5 37. Qd6 Qg5+ 38. Kh2 Qe7 39. Qxa6 Bd3 40. Qa8 Qc7+ 1/2-1/2

[Event "Reykjavik Open"]
[Site "Reykjavik ISL"]
[Date "2012.03.11"]
[Round "6.73"]
[White "Saemundsson, Bjarni"]
[Black "Kristinardottir, Elsa Maria"]
[Result "1/2-1/2"]
[WhiteElo "1947"]
[BlackElo "1734"]
[WhiteFideId "2302900"]
[BlackFideId "2300370"]
[EventDate "2012.03.06"]

1. d4 d5 2. Nc3 Nf6 3. Bg5 e6 4. e4 dxe4 5. Nxe4 Be7 6. Bxf6 Bxf6 7. Nf3 O-O 8.
Qd2 b6 9. O-O-O Bb7 10. Qf4 Bxe4 11. Qxe4 Qd5 12. Bd3 Qxe4 13. Bxe4 c6 14. Ne5
Rc8 15. Rd3 Bxe5 16. dxe5 Na6 17. Rd6 Nb4 18. a3 Nd5 19. c4 Nf4 20. g3 Ng6 21.
f4 Rd8 22. Rxc6 Rac8 23. Rd1 Rxd1+ 24. Kxd1 Rxc6 25. Bxc6 Kf8 26. Kd2 Ne7 27.
Be4 h6 28. Kc3 Ke8 29. Kb4 Kd7 30. Kb5 Kc7 31. b4 f5 32. Bg2 g5 33. c5 gxf4 34.
cxb6+ axb6 35. a4 fxg3 36. hxg3 Ng6 37. a5 bxa5 38. bxa5 Nxe5 39. a6 Kb8 40. Kb6
Nc4+ 41. Kc5 Ne3 42. Bc6 Ka7 43. Bb5 e5 44. Kd6 f4 45. gxf4 exf4 46. Be2 Nf5+
47. Ke5 f3 48. Bxf3 Kxa6 1/2-1/2

[Event "Reykjavik Open"]
[Site "Reykjavik ISL"]
[Date "2012.03.11"]
[Round "6.74"]
[White "Johannesson, Oliver"]
[Black "Sverrisson, Nokkvi"]
[Result "1/2-1/2"]
[WhiteElo "1677"]
[BlackElo "1928"]
[WhiteFideId "2305623"]
[BlackFideId "2304376"]
[EventDate "2012.03.06"]

1. e4 c5 2. Nc3 Nc6 3. f4 e6 4. Nf3 d5 5. Bb5 Ne7 6. exd5 Nxd5 7. O-O Nxf4 8. d4
Ng6 9. d5 exd5 10. Nxd5 Be6 11. c4 Be7 12. Qa4 Bd7 13. Nxe7 Ngxe7 14. Ng5 O-O
15. Qc2 Ng6 16. Be3 Nd4 17. Bxd4 cxd4 18. Bxd7 Qxd7 19. Rf5 h6 20. Rd5 Qg4 21.
Nf3 Rad8 22. Rd1 Rxd5 23. cxd5 Rc8 24. Qd2 Nf4 25. Nxd4 Nxd5 26. h3 Qe4 27. Nf5
Qxf5 28. Qxd5 Qxd5 29. Rxd5 Rc2 30. Rd8+ Kh7 31. Rd7 Rxb2 32. Rxf7 a6 33. a4 b5
34. Ra7 bxa4 35. Rxa6 Rb4 36. g3 Rb3 37. Rxa4 Rxg3+ 38. Kh2 Rf3 39. Kg2 Rf5 40.
Ra6 Rf6 41. Ra7 Kg6 42. Kg3 Rb6 43. Ra5 Kf6 44. Rc5 g5 45. Ra5 Kg6 46. Rc5 Rb4
47. Rc6+ Kh5 48. Rc3 Rb1 49. Rc4 Rb3+ 50. Kg2 Rd3 51. Ra4 1/2-1/2

[Event "Reykjavik Open"]
[Site "Reykjavik ISL"]
[Date "2012.03.11"]
[Round "6.76"]
[White "Stam, Bart"]
[Black "Finnbogadottir, Tinna Kristin"]
[Result "1/2-1/2"]
[WhiteElo "2048"]
[BlackElo "1810"]
[WhiteFideId "1006240"]
[BlackFideId "2300214"]
[EventDate "2012.03.06"]

1. e4 c5 2. Nf3 g6 3. d4 cxd4 4. Nxd4 Nc6 5. Nc3 Bg7 6. Be3 Nf6 7. Nxc6 bxc6 8.
e5 Ng8 9. Bd4 Nh6 10. e6 O-O 11. exd7 Qxd7 12. Bxg7 Qe6+ 13. Be2 Kxg7 14. O-O
Bb7 15. Qd4+ f6 16. Qc5 Qd6 17. Ne4 Qc7 18. Rad1 Rfd8 19. f3 Nf5 20. g3 Qb6 21.
b3 Nd6 22. Rxd6 1/2-1/2

[Event "Reykjavik Open"]
[Site "Reykjavik ISL"]
[Date "2012.03.11"]
[Round "6.78"]
[White "Hynna, Kevin"]
[Black "Leite, Steinar"]
[Result "1-0"]
[WhiteElo "1936"]
[BlackElo "1707"]
[WhiteFideId "501484"]
[BlackFideId "1510428"]
[EventDate "2012.03.06"]

1. e4 e5 2. Nc3 Nc6 3. f4 exf4 4. Nf3 g5 5. h4 g4 6. Ng5 h5 7. Bc4 Ne5 8. Bb3 f6
9. d4 fxg5 10. dxe5 Bc5 11. hxg5 Qxg5 12. Qd5 Qe7 13. Bxf4 c6 14. Qd2 h4 15.
O-O-O b5 16. Rdf1 Ba6 17. Bg5 Qxe5 18. Bf7+ 1-0

[Event "Reykjavik Open"]
[Site "Reykjavik ISL"]
[Date "2012.03.11"]
[Round "6.79"]
[White "Thjomoe, Hans Richard"]
[Black "Leosson, Atli Johann"]
[Result "1/2-1/2"]
[WhiteElo "1926"]
[BlackElo "1682"]
[WhiteFideId "1506412"]
[BlackFideId "2308533"]
[EventDate "2012.03.06"]

1. e4 e5 2. Nf3 d6 3. Nc3 Nc6 4. d4 exd4 5. Nxd4 Nf6 6. Be2 Be7 7. Be3 Be6 8. f4
g6 9. g4 Nxd4 10. Bxd4 c5 11. Bf2 Qb6 12. O-O h5 13. f5 gxf5 14. exf5 Bd7 15. g5
Rg8 16. h4 Bxf5 17. Bg3 Ne4 18. Nd5 Qd8 19. Bb5+ Kf8 20. Qf3 Nxg3 21. Nxe7 Qxe7
22. Rae1 Be6 23. Qxg3 Rg7 24. Qf3 Kg8 25. Bc4 Rxg5+ 26. hxg5 Qxg5+ 27. Kf2 Qh4+
28. Qg3+ Qxg3+ 29. Kxg3 Bxc4 30. Rf5 Be6 31. Rxh5 Re8 32. Kf4 Kf8 33. Rh8+ Ke7
34. Rxe8+ Kxe8 35. c4 Kd7 1/2-1/2

[Event "Reykjavik Open"]
[Site "Reykjavik ISL"]
[Date "2012.03.11"]
[Round "6.80"]
[White "Vignisson, Ingvar Egill"]
[Black "Knudsen, Jes West"]
[Result "0-1"]
[WhiteElo "1558"]
[BlackElo "1913"]
[WhiteFideId "2309270"]
[BlackFideId "1405985"]
[EventDate "2012.03.06"]

1. d4 f5 2. g3 Nf6 3. Bg2 g6 4. Nf3 Bg7 5. O-O O-O 6. c4 d6 7. Nc3 e6 8. Re1 Ne4
9. Qc2 Nxc3 10. bxc3 e5 11. e4 Nc6 12. d5 Na5 13. Qa4 b6 14. Ng5 Bd7 15. Qb4 Qf6
16. Nh3 fxe4 17. Bg5 Qf7 18. Be3 h6 19. a4 Bg4 20. c5 dxc5 21. Qxe4 Bf3 22. Bxf3
Qxf3 23. Qxg6 Rf6 24. Qd3 c4 25. Qd1 Rd8 26. Qxf3 Rxf3 27. Kg2 Rf7 28. Rad1 Rfd7
29. Rg1 Rxd5 30. Rxd5 Rxd5 31. Kf3 0-1

[Event "Reykjavik Open"]
[Site "Reykjavik ISL"]
[Date "2012.03.11"]
[Round "6.82"]
[White "Sjol, Henrik"]
[Black "Bjorgvinsson, Andri Freyr"]
[Result "0-1"]
[WhiteElo "1892"]
[BlackElo "1544"]
[WhiteFideId "1505629"]
[BlackFideId "2306913"]
[EventDate "2012.03.06"]

1. d4 d5 2. Nf3 Nf6 3. e3 Bf5 4. c4 c6 5. Nc3 e6 6. Nh4 Bg6 7. Nxg6 hxg6 8. Bd3
Qc7 9. h3 Nbd7 10. Bd2 Be7 11. Rc1 a6 12. Qe2 O-O 13. g4 dxc4 14. Bxc4 c5 15.
dxc5 Nxc5 16. b4 Qc6 17. O-O Nce4 18. Nxe4 Nxe4 19. Bd3 Qd5 20. Bxe4 Qxe4 21.
Rc4 Qd5 22. Rfc1 Rfd8 23. Be1 b5 24. R4c2 Qe4 25. f3 Qd5 26. e4 Qd6 27. Rd2 Qf4
28. Rxd8+ Rxd8 29. Rd1 Rd6 30. Bf2 Rxd1+ 31. Qxd1 Bxb4 32. Qd8+ Kh7 33. Qh4+ Qh6
34. Qg3 Bd2 35. Qg2 Be3 36. Bxe3 Qxe3+ 37. Kh2 a5 38. h4 b4 39. Kg3 a4 40. Qc2
b3 41. axb3 axb3 42. Qb1 Qc3 43. h5 Qc2 44. hxg6+ Kxg6 45. Qh1 Qc7+ 46. Kg2 Qf4
47. Qh5+ Kf6 48. Qa5 Qc1 49. Qd8+ Kg6 50. Qh4 b2 51. e5 Qd2+ 52. Kh3 Qh6 53.
Qxh6+ 0-1

[Event "Reykjavik Open"]
[Site "Reykjavik ISL"]
[Date "2012.03.11"]
[Round "6.83"]
[White "Andersen, Daniel"]
[Black "Stefansson, Vignir Vatnar"]
[Result "1/2-1/2"]
[WhiteTitle "FM"]
[WhiteElo "1879"]
[BlackElo "1474"]
[WhiteFideId "1402714"]
[BlackFideId "2308649"]
[EventDate "2012.03.06"]

1. d4 Nf6 2. c4 e6 3. Nc3 Bb4 4. Qc2 d5 5. a3 Bxc3+ 6. Qxc3 O-O 7. Bg5 h6 8. Bh4
b6 9. cxd5 exd5 10. Rc1 c6 11. Nf3 g5 12. Bg3 Ne4 13. Qb3 Ba6 14. Bxb8 Rxb8 15.
Rxc6 Rc8 16. Rxc8 Qxc8 17. Qd1 Qc7 18. e3 Bxf1 19. Rxf1 Rc8 20. Nd2 Nxd2 21.
Qxd2 Qxh2 22. f3 Qd6 23. Kf2 Qc6 24. Re1 f5 25. Qd3 Rf8 26. Re2 f4 27. exf4 gxf4
28. Re7 Rf7 29. Rxf7 Kxf7 30. Qh7+ Kf8 31. Qf5+ Kg7 32. Qxf4 Qc2+ 33. Kg3 Qxb2
34. Qe5+ Kh7 35. Qe7+ Kh8 36. Qf8+ Kh7 37. Qf7+ Kh8 38. Qxd5 Qxa3 39. Qe5+ Kg8
40. Qe6+ Kg7 41. d5 Qf8 42. Qd7+ Qf7 43. Qd8 Qf6 44. Qc7+ Kf8 45. Qb8+ Ke7 46.
Qxa7+ Kd8 47. Qa8+ Kd7 48. Qa4+ Kc7 49. Qe4 Kd6 50. f4 Qg7+ 51. Kh4 Qe7+ 52.
Qxe7+ Kxe7 53. Kh5 b5 54. Kg6 b4 55. Kg7 b3 56. f5 b2 57. f6+ Kd7 58. f7 b1=Q
59. f8=Q Qb2+ 60. Qf6 Qxg2+ 1/2-1/2

[Event "Reykjavik Open"]
[Site "Reykjavik ISL"]
[Date "2012.03.11"]
[Round "6.86"]
[White "Hauksdottir, Hrund"]
[Black "Mass, Elvira"]
[Result "1-0"]
[WhiteElo "1627"]
[BlackElo "2040"]
[WhiteFideId "2302608"]
[BlackFideId "4695623"]
[EventDate "2012.03.06"]

1. e4 e6 2. d4 d5 3. exd5 exd5 4. Bd3 c5 5. dxc5 Bxc5 6. Nf3 Nf6 7. O-O O-O 8.
Bg5 Nc6 9. Nc3 Be6 10. a3 h6 11. Bh4 a6 12. Re1 Re8 13. Qd2 Be7 14. Rad1 d4 15.
Bxf6 Bxf6 16. Ne2 Bd5 17. Qf4 Bxf3 18. Qxf3 Ne5 19. Qxb7 Qd6 20. Qe4 g6 21. Qf4
Kg7 22. Kf1 Rad8 23. Qg3 Qb6 24. b3 Qa5 25. a4 Nc6 26. Qf3 Nb4 27. Ng3 Rc8 28.
Rxe8 Rxe8 29. Ne4 Bd8 30. Bc4 f5 31. c3 Rxe4 32. cxb4 Qxb4 33. Bxa6 Ba5 34. g3
Qc3 35. Qxc3 dxc3 36. Bd3 Re7 37. Rb1 Bb4 38. Rd1 Kf6 39. Bc2 g5 40. Rd4 Ba3 1-0

[Event "Reykjavik Open"]
[Site "Reykjavik ISL"]
[Date "2012.03.11"]
[Round "6.87"]
[White "Traustason, Ingi Tandri"]
[Black "Einarsson, Oskar Long"]
[Result "1-0"]
[WhiteElo "1824"]
[BlackElo "1618"]
[WhiteFideId "2302934"]
[BlackFideId "2309220"]
[EventDate "2012.03.06"]

1. d4 Nf6 2. c4 g6 3. Nc3 d5 4. h4 Bg7 5. h5 Nxh5 6. cxd5 Nf6 7. e4 c6 8. dxc6
bxc6 9. Bc4 Be6 10. Bxe6 fxe6 11. Nf3 h6 12. Ne5 g5 13. Be3 Qd6 14. Ng6 Qb4 15.
Nxh8 Bxh8 16. Qd2 Bg7 17. f3 Nbd7 18. O-O Nb6 19. b3 Rd8 20. Rad1 Nfd7 21. Qc2
Rc8 22. e5 Nf8 23. Ne4 Nd5 24. Bf2 Nf4 25. Qc5 Qxc5 26. Nxc5 N8g6 27. g3 Nh3+
28. Kg2 Nxf2 29. Rxf2 Kf7 30. Rc1 Rd8 31. Rc4 Nf8 32. Rfc2 Nd7 33. Nxd7 Rxd7 34.
Ra4 Rc7 35. Ra6 Rd7 36. Ra4 Rc7 37. Rc5 1-0

[Event "Reykjavik Open"]
[Site "Reykjavik ISL"]
[Date "2012.03.11"]
[Round "6.89"]
[White "Fridthjofsdottir, Sigurl. Regina"]
[Black "Magnusdottir, Veronika Steinunn"]
[Result "1-0"]
[WhiteElo "1731"]
[BlackElo "1580"]
[WhiteFideId "2300788"]
[BlackFideId "2309114"]
[EventDate "2012.03.06"]

1. e4 c5 2. Nc3 d6 3. f4 Nf6 4. d3 Nc6 5. Nf3 g6 6. g3 Bg7 7. Bg2 O-O 8. O-O Nh5
9. Be3 Bg4 10. Qd2 Qb6 11. Rab1 Bxf3 12. Bxf3 Bd4 13. Bxd4 Nxd4 14. Bxh5 gxh5
15. Nd5 Qd8 16. c3 Nc6 17. Qe2 e6 18. Ne3 h4 19. Qg4+ Kh8 20. Qxh4 Qxh4 21. gxh4
Rg8+ 22. Kf2 b5 23. Rg1 Rg6 24. Rg3 Rh6 25. Ng2 a5 26. Ke3 Ne7 27. Rc1 f5 28.
Rg5 fxe4 29. dxe4 b4 30. h5 Rf6 31. Nh4 Raf8 32. Rg4 bxc3 33. bxc3 d5 34. e5
Nf5+ 35. Nxf5 Rxf5 36. Rb1 Rxh5 37. h4 Rhf5 38. Rb7 d4+ 39. cxd4 cxd4+ 40. Kxd4
Rxf4+ 41. Rxf4 Rxf4+ 42. Kc5 Rxh4 43. Ra7 Ra4 44. Kd6 Rxa2 45. Kxe6 h5 46. Kf5
h4 47. Kg6 Rg2+ 48. Kh6 h3 49. Ra8+ Rg8 50. Ra7 Re8 51. Rxa5 h2 52. Ra1 Rxe5 53.
Ra8+ 1-0

[Event "Reykjavik Open"]
[Site "Reykjavik ISL"]
[Date "2012.03.11"]
[Round "6.91"]
[White "Petersson, Baldur Teodor"]
[Black "Edakina, Maria"]
[Result "1-0"]
[WhiteElo "1524"]
[BlackElo "1657"]
[WhiteFideId "2309157"]
[BlackFideId "4156153"]
[EventDate "2012.03.06"]

1. e4 e5 2. Nf3 Nf6 3. Nc3 Nc6 4. d4 exd4 5. Nxd4 Bb4 6. Nf5 O-O 7. Bd3 d5 8.
exd5 Re8+ 9. Be3 Ne5 10. O-O Nxd3 11. Qxd3 Bxc3 12. bxc3 Qxd5 13. Ng3 b6 14. c4
Qc6 15. Bd4 Bb7 16. f3 Rad8 17. Qc3 Ba6 18. Rfe1 Rxe1+ 19. Rxe1 Qxc4 20. Bxf6
gxf6 21. Qxf6 Qd4+ 22. Qxd4 Rxd4 23. Re8+ Kg7 24. Nf5+ 1-0

[Event "Reykjavik Open"]
[Site "Reykjavik ISL"]
[Date "2012.03.11"]
[Round "6.92"]
[White "Lensebakken, Jonar"]
[Black "Steinthorsson, Felix"]
[Result "1/2-1/2"]
[WhiteElo "1643"]
[BlackElo "1298"]
[WhiteFideId "1515462"]
[BlackFideId "2310040"]
[EventDate "2012.03.06"]

1. d4 d5 2. Nf3 Nf6 3. Bg5 Bf5 4. e3 Nbd7 5. c4 c6 6. Nbd2 e6 7. Be2 Bd6 8. O-O
h6 9. Bh4 Qc7 10. c5 Be7 11. Bg3 Qd8 12. Ne5 Nxe5 13. Bxe5 h5 14. h3 g5 15. Bxf6
Bxf6 16. Bxh5 Qc7 17. Bg4 O-O-O 18. b4 Rh4 19. Bxf5 exf5 20. Nf3 Rhh8 21. Qd3
Qd7 22. a4 g4 23. Nh2 gxh3 24. g3 Rdg8 25. b5 Kd8 26. bxc6 bxc6 27. Rfb1 Ke8 28.
Rb8+ Bd8 29. Qa6 Qe6 30. Qf1 Qe4 31. Rab1 Kd7 32. R1b7+ Ke6 33. Rxa7 Bh4 34.
Rbb7 Rh7 35. Re7+ Bxe7 36. a5 Rhg7 37. Qxh3 Bh4 38. Nf1 Rb8 39. Qg2 Qxg2+ 40.
Kxg2 Bd8 41. a6 Rg8 42. Nd2 Rb2 43. Nf3 Bf6 44. Rc7 Ra8 45. Rxc6+ Ke7 46. Rd6
Rc2 47. Rxd5 Rxa6 48. Ng1 Ke6 49. Rd6+ Rxd6 1/2-1/2

[Event "Reykjavik Open"]
[Site "Reykjavik ISL"]
[Date "2012.03.11"]
[Round "7.2"]
[White "Hess, Robert L"]
[Black "Sokolov, Ivan"]
[Result "1/2-1/2"]
[WhiteTitle "GM"]
[BlackTitle "GM"]
[WhiteElo "2635"]
[BlackElo "2653"]
[WhiteFideId "2022036"]
[BlackFideId "14400030"]
[EventDate "2012.03.06"]

1. e4 e5 2. Nf3 Nc6 3. Bb5 a6 4. Ba4 Nf6 5. O-O Be7 6. Bxc6 dxc6 7. d3 Qd6 8.
Nbd2 Be6 9. Ng5 Bg4 10. f3 Bc8 11. Nc4 Qd8 12. f4 exf4 13. Bxf4 Ng4 14. Qd2 Bc5+
15. Kh1 f6 16. Nf3 g5 17. Bg3 Be6 18. Qc3 Qe7 19. e5 O-O 20. h3 Bb4 21. Qd4 Rad8
22. exf6 Nxf6 23. Qe5 g4 24. Nd4 Bxc4 25. Qg5+ Qg7 26. Qxg7+ Kxg7 27. Nf5+ Kg6
28. Nh4+ Kg7 29. Nf5+ Kg6 30. Nh4+ Kg7 31. Nf5+ 1/2-1/2

[Event "Reykjavik Open"]
[Site "Reykjavik ISL"]
[Date "2012.03.11"]
[Round "7.5"]
[White "Thorfinnsson, Bragi"]
[Black "Kryvoruchko, Yuriy"]
[Result "1/2-1/2"]
[WhiteTitle "IM"]
[BlackTitle "GM"]
[WhiteElo "2421"]
[BlackElo "2666"]
[WhiteFideId "2300958"]
[BlackFideId "14109182"]
[EventDate "2012.03.06"]

1. d4 Nf6 2. c4 e6 3. Nf3 c5 4. d5 b5 5. Bg5 exd5 6. cxd5 d6 7. e3 a6 8. a4 b4
9. Nbd2 Be7 10. Nc4 O-O 11. a5 Nbd7 12. Bxf6 Bxf6 13. Bd3 Qe7 14. Qc2 g6 15. O-O
Ne5 16. Nfxe5 Bxe5 17. f4 Bg7 18. e4 Bd4+ 19. Kh1 f6 20. e5 fxe5 21. fxe5 Bxe5
22. Nxe5 Rxf1+ 23. Rxf1 Qxe5 24. Bxg6 Ra7 25. Bd3 Rf7 26. Rxf7 Kxf7 27. h3 h6
28. Bc4 Kg7 29. b3 Qe1+ 30. Kh2 Qe5+ 31. Kh1 Qe1+ 32. Kh2 Qe5+ 33. Kh1 1/2-1/2

[Event "Reykjavik Open"]
[Site "Reykjavik ISL"]
[Date "2012.03.11"]
[Round "7.6"]
[White "Hou, Yifan"]
[Black "Stefansson, Hannes"]
[Result "1-0"]
[WhiteTitle "GM"]
[BlackTitle "GM"]
[WhiteElo "2639"]
[BlackElo "2531"]
[WhiteFideId "8602980"]
[BlackFideId "2300087"]
[EventDate "2012.03.06"]

1. e4 e5 2. Nc3 Nf6 3. g3 d5 4. exd5 Nxd5 5. Bg2 Nxc3 6. bxc3 Bd6 7. Nf3 O-O 8.
O-O Nd7 9. d4 c6 10. Re1 exd4 11. cxd4 Nb6 12. Qd3 h6 13. c4 Bb4 14. Bd2 Bxd2
15. Nxd2 Qf6 16. a4 Bf5 17. Qc3 Rad8 18. a5 Nc8 19. Nb3 b6 20. Re5 c5 21. Rae1
cxd4 22. Nxd4 Bd7 23. c5 bxc5 24. Qxc5 g6 25. h4 h5 26. Ne2 Rfe8 27. Nf4 Rxe5
28. Rxe5 Qd6 29. Qc3 Ne7 30. Nd5 Be6 31. Nf6+ Kf8 32. Nh7+ Kg8 33. Nf6+ Kf8 34.
Rc5 Nf5 35. Nh7+ Kg8 36. Nf6+ Kf8 37. Nd5 Kg8 38. Rc6 Qb8 39. Nf6+ Kf8 40. Rxe6 1-0

[Event "Reykjavik Open"]
[Site "Reykjavik ISL"]
[Date "2012.03.11"]
[Round "7.7"]
[White "Kveinys, Aloyzas"]
[Black "Kuzubov, Yuriy"]
[Result "1/2-1/2"]
[WhiteTitle "GM"]
[BlackTitle "GM"]
[WhiteElo "2512"]
[BlackElo "2615"]
[WhiteFideId "12800040"]
[BlackFideId "14112906"]
[EventDate "2012.03.06"]

1. d4 f5 2. g3 Nf6 3. Bg2 g6 4. Nf3 Bg7 5. O-O O-O 6. b3 d6 7. Bb2 Qe8 8. Nbd2
h6 9. Re1 Na6 10. e4 fxe4 11. Nxe4 Qf7 12. Qd2 c6 13. c4 Nc7 14. Nxf6+ Qxf6 15.
Re3 Bf5 16. Rae1 Rae8 17. Bc3 Qf7 18. Nh4 e6 19. Bb4 Qd7 20. h3 g5 21. Nxf5 exf5
22. Rxe8 Rxe8 23. Rxe8+ Nxe8 24. Qe3 Kf7 25. Bf3 Nf6 26. d5 c5 27. Bc3 b6 28.
Bxf6 1/2-1/2

[Event "Reykjavik Open"]
[Site "Reykjavik ISL"]
[Date "2012.03.11"]
[Round "7.8"]
[White "Baklan, Vladimir"]
[Black "Kristjansson, Stefan"]
[Result "1-0"]
[WhiteTitle "GM"]
[BlackTitle "GM"]
[WhiteElo "2612"]
[BlackElo "2500"]
[WhiteFideId "14102196"]
[BlackFideId "2301172"]
[EventDate "2012.03.06"]

1. e4 c5 2. Nf3 e6 3. g3 Nc6 4. Bg2 Qc7 5. O-O d6 6. c3 Nf6 7. Re1 Ne5 8. d4
Nxf3+ 9. Bxf3 Be7 10. e5 dxe5 11. dxe5 Nd7 12. Qe2 O-O 13. Bf4 a6 14. a4 Rb8 15.
c4 b6 16. Nc3 Bb7 17. h4 Bxf3 18. Qxf3 Qb7 19. Qg4 Kh8 20. Bg5 Rbe8 21. Rad1 Nb8
22. Ne4 Nc6 23. Qh5 Nd4 24. Rd3 Qc6 25. Bf6 gxf6 26. exf6 Rg8 27. fxe7 Rxe7 28.
Nf6 Rg7 29. Re5 Qc7 30. Rg5 Qd8 31. Rxg7 Kxg7 32. Qxh7+ 1-0